000 00878nam a2200241Ia 4500
003 OSt
005 20220923220805.0
006 a|||||r|||| 00| 0
007 ta
008 220922b |||||||| |||| 00| 0 hin d
024 _a190,477
037 _cTextual
040 _aARTS
_cARTS
_bhin
041 _2hin
_ahin
082 _aR6xD7:g, 152K3
100 _aजिन विजय मुनि
245 0 _aसमदर्शी आचार्य हरिभद्र
246 _aSamadarshī āchārya haribhadra
260 _aजोधपूर
_b राजस्थान प्राच्यविद्या प्रतिष्ठान
_c1963
490 _aराजस्थान पुरातन ग्रन्थमाला; 68
942 _hR6xD7:g, 152K3
_cTEXL
_2CC
999 _c343252
_d343252